Processos Familiares (Record no. 2168)
[ view plain ]
| 000 -Etiqueta do registo | |
|---|---|
| Campo de controlo de comprimento fixo | 00540 a2200181 4500 |
| 020 ## - ISBN (NÚMERO DE LIVRO PADRÃO INTERNACIONAL) | |
| ISBN | 978-989-36627-1-7 |
| 040 ## - Fonte de Catalogação | |
| Agência de catalogação | Biblioteca de Posgraduação- Universidade Lusíada de Angola |
| 082 ## - DEWEY DECIMAL CLASSIFICATION NUMBER | |
| Classificador- CDU | 347.6/MED/P |
| Prateleira/Colocação | 1 |
| 100 ## - Nome Pessoal | |
| 9 (RLIN) | 148 |
| Autor | Medina, Maria do Carmo |
| 245 ## - Declaração de Título | |
| Título | Processos Familiares |
| 250 ## - Indicação da edição | |
| Edição | 1ª |
| 260 ## - Publicação e Destribuíção | |
| Local de edição/distribuição | Lisboa-Portugal - Cidade Financeira - Talatona - luanda - Angola |
| Editor/distribuidor | FACUL Editora |
| Data de edição/distribuição | Dezembro/2025 |
| 300 ## - Descrição Física | |
| Nº Pág. | 131p. |
| 600 #0 - Nome pessoal | |
| Autor | Medina, Maria do Carmo |
| 650 ## - MATERIA | |
| MATERIA | Direito da Faml̕ia |
| -- | Direito Processual |
| 700 ## - Entrada secundária - Nome pessoal | |
| Autor | Maria Do Carmo Medina |
| 942 ## - - Elementos de entrada adicionados (koha) | |
| Tipo de documento | Livros |
| Withdrawn status | Lost status | Source of classification or shelving scheme | Damaged status | Not for loan | Permanent Location | Current Location | Date acquired | Total Checkouts | Full call number | Date last seen | Price effective from | Koha item type |
|---|---|---|---|---|---|---|---|---|---|---|---|---|
| Dewey Decimal Classification | Biblioteca de Posgraduação- Universidade Lusíada de Angola | Biblioteca de Posgraduação- Universidade Lusíada de Angola | 06/02/2026 | 347.6/MED/P 347.9/MED/P | 06/02/2026 | 06/02/2026 | Livros |
